| 000 | 00409nam a22001337a 4500 | ||
|---|---|---|---|
| 040 | _cNUST | ||
| 082 | _a200 THE | ||
| 100 |
_aAdeel Wahab _991324 |
||
| 110 |
_aDr Umar Shahbaz Khan _991325 |
||
| 245 | _aTH-SOF-0865-Dimensional Inspection System For Meso-Scale Artefacts Using Sub Pixel Edge Detection | ||
| 260 |
_aISLAMABAD: _bNUST COLLEGE OF EME, _c2013. |
||
| 650 |
_aMS-MTS-62 _991326 |
||
| 942 |
_2ddc _cTHE |
||
| 999 |
_c589508 _d589508 |
||